000 01012nam a22002897a 4500
001 7808
003 FISKH
005 20250811092334.0
008 250811b cb ||||| |||| 00| 0 eng d
040 _aFISKH
_beng
_cFISKH
_dFISKH
050 _aPZ7
082 _a823.92
100 _aGrahame, Kenneth
245 _aThe reluctant dragon /
_cKenneth Grahame ; Adapted by Katie Daynes ; Illustrated by Fred Blunt ; Reading Consultant: Alison Kelly ; Roehampton University
250 _aThis edition first published in 2009
260 _aLondon :
_bUsborne,
_c2009
300 _a48 pages :
_bcolor illustrations ;
_c20 cm
505 _aG
520 _aWhoever heard of a dragon who doesn't like fighting? And what will happen when the boldest dragon fighter of them all comes to stay?
521 8 _a340
_bLexile
521 8 _aG
_bRaz-Plus
650 _2Dragons
_aBeginning reader
650 _2Friendship
_aCastles
700 _aBlunt, Fred
_dillustrator
942 _2ddc
_cBK
_n0
999 _c7808
_d7808